000 00489nam a2200169 i 4500
001 78976
003 ES-MaACL
005 20230906173852.0
007 t|
008 041018s1973 sp ||||1| spa d
100 1 _aHeller, Hermann.
_962441
245 1 0 _aTrampa 22 /
_cJoseph Heller ; [traducción de Francisco Elías].
260 _a[Barcelona] :
_bPlaza y Janés,
_c[1973]
300 _a637 p. ;
_c19 cm.
700 1 _aElías, Francisco.
_946960
852 _aES-MaACL
_jC-51383
_bR.84921
999 _c78976
_d78976